000 00681nam a2200241Ia 4500
003 OSt
005 20221005123020.0
006 a|||||r|||| 00| 0
007 ta
008 221004b |||||||| |||| 00| 0 mal d
024 _a55715
037 _cTextual
040 _aCRL
_cCRL
_bmal
041 _2mal
_amal
082 _aO32,3wN34, K2.1-.2
100 _aPillai Erumeli Parameswaran Au.
_9632993
245 0 _aKeralathile ezhutthukar
260 _c1962
650 _a MALAYALAM LITERATURE
_938866
650 _aMALAYALAM FICTION
_9183428
942 _hO32,3wN34, K2.1-.2
_cTEXL
_2cc
999 _c1046130
_d1046130